00680nam a2200169 a 450000100100000000500170001000800410002702000150006804000250008308200150010824500410012326000630016430000340022795201130026195201190037499900170049300004224120201002040026.0131120s1995 ag ao 000 0 spa d a950951764X aDO-SdBNPbspacBNPHU axxxxbxxxx00aBibliotecas populares :bArgentinas. aBuenos Aires, ArgentinaM :banrique Zago ediciones,c1995. a222 p. :bil., fot. ;c32 cm. 001050718MOaPDbPDcCTd2013-11-20iLF1l0oxxxx xxxxp42241-10r2020-06-25w2020-06-25y1ZNo se presta 001050718MOaPDbPDcCTd2013-11-20iLF1l0oxxxx xxxxp42241-20r2020-06-25te. 2w2020-06-25y1ZNo se presta c41730d41730